000 01723cam a22005057a 4500
001 7266
003 FISKH
005 20250707083529.0
008 120426s2013 nyua j 000 1 eng d
010 _a 2012938598
015 _aGBB2B9142
_2bnb
016 7 _a016218699
_2Uk
020 _a9780062110671
_qtrade bdg.
020 _a0062110675
_qtrade bdg.
020 _a9780062110664
_qpbk.
020 _a0062110667
_qpbk.
020 _a9780062110664
020 _a9780605583979
_qPerma-bound
020 _a0605583978
_qPerma-bound
020 _a9781451784909
_qPaw Prints
020 _a1451784902
_qPaw Prints
040 _aTOH
_cTOH
_dDLC
_beng
050 _aPZ7.D34416 P
082 _a813.6
100 1 _aDean, James,
_d1957-
245 1 0 _aPete the Cat :
_bplay ball! /
_ccreated by James Dean.
260 _aNew York :
_bHarper,
_c2013.
300 _a32 pages :
_bcolor illustrations ;
_c23 cm
336 _atext
_btxt
_2rdacontent
337 _aunmediated
_bn
_2rdamedia
338 _avolume
_bnc
_2rdacarrier
490 1 _aI can read! My first shared reading
505 _aE
520 _a"Pete the Cat is ready to play baseball! Pete's team, the Rocks, is playing the Rolls. But when the game doesn't go Pete's way, what will Pete do?"--From the publisher.
521 _a280
_bLexile
521 _aE
_bRaz-Plus
650 0 _aCats
_vJuvenile fiction.
650 0 _aBaseball stories.
650 1 _aCats
_vFiction.
655 7 _aFiction.
_2lcgft
_0https://id.loc.gov/authorities/genreForms/gf2014026339
655 7 _aFiction.
_2lcgft
_0https://id.loc.gov/authorities/genreForms/gf2014026339
906 _a7
_bcbc
_ccopycat
_d2
_encip
_f20
_gy-gencatlg
942 _2ddc
_cBK
_n0
999 _c7266
_d7266